Quelle ville de la Corrèze ? - Statistiques

Statistiques générales
  • Ce quiz a été pris 28 fois
  • Le résultat moyen est 9 sur 20
Statistiques - réponses
Quelle commune corrézienne... Lettre Ville % Correct
...est célèbre pour sa moutarde violette à base de moût de raisin ? B Brive-la-Gaillarde
100%
...eut un futur Président de la République pour maire de 2001 à 2008 ? T Tulle
96%
...est la plus petite ville française portant le nom de son département ? C Corrèze
88%
...est la plus grande ville française en U, juste derrière Urrugne ? U Ussel
88%
...est un Plus Beau Village de France à l'emblématique bourg en grès rouge ? C Collonges-la-Rouge
81%
...abrite plusieurs établissements d'enseignement supérieur réputés dans le domaine des travaux publics ? E Egletons
58%
...est surnommée "Perle du Limousin" et abrite de nombreux châteaux ? U Uzerche
58%
...est la plus grande banlieue de la précédente ? M Malemort
50%
...servit d'inspiration pour le nom d'une ville de la région Pokémon de Kanto ? A Argentat-sur-Dordogne
42%
...produit 1% des fraises françaises et en fait chaque année une tarte géante ? B Beaulieu-sur-Dordogne
31%
...est une petite cité de caractère dont le nom est orthographié Trainhac en occitan ? T Treignac
31%
...est un Plus Beau Village de France perché sur une butte dominant la vallée de la Tourmente et donnant son surnom à son vicomte Henri de la Tour d'Auvergne ? T Turenne
31%
...abrite et donne son nom à l'une des plus grandes retenues d'eau françaises ? B Bort-les-Orgues
27%
...est célèbre pour son activité ardoisière et sa tomme des ardoisiers ? A Allassac
19%
...est le lieu d'origine d'une maison française dont est issu le vicomte qui initia l'abolition des privilèges dans la nuit du 4 au 5 août 1789 ? N Noailles
19%
...vit son château et son titre offert à la favorite de Louis XV ? A Arnac-Pompadour
15%
...est issue de la fusion le 1er janvier 2025 de trois communes en "Saint" ? (L) T Les Trois-Saints
15%
...eut pour conseiller général Jacques Chirac, qui nomme aujourd'hui son collège ? M Meymac
15%
...est célèbre pour ses maisons fortes appelées "tours de Merle" ? S Saint-Geniez-ô-Merle
8%
...abrite le site de reconstitution des fermes du Moyen Age de Xaintrie ? S Saint-Julien-aux-Bois
4%
Aucun quiz correspondant
Distribution des résultats
% des personnes avec chaque résultat
Percentile par nombre de réponses
Votre historique - résultats
Vous n’avez pas pris ce quiz